000 01358nam a22002057a 4500
008 250306b |||||||| |||| 00| 0 eng d
020 _a00306233294
040 _aCUZ
_beng
_cCUZ
_dCUZ
_erda
050 _aBF121.M4MCC
100 _aJames V.McConnell
245 _aUnderstanding Human behavior Understanding Human Behavior UU
_cby James V. McConnell
264 _aNew York
_bCBS College
_c1982
300 _aextent xiv , 697 pages
336 _atext
_btxt
337 _aunmediated
_bn
338 _2rdacarrier
650 _aAttention and input Control
_aHearing and seeing
_abiological bases of behavior
942 _cOS
_i121.M4MCC
_kBF
999 _c45057
_d45057